| 000 | 00707cam a22001931 4500 | ||
|---|---|---|---|
| 082 |
_a691 _bWIT |
||
| 100 | 1 |
_aJohnson, J. B. _942984 |
|
| 245 | 0 | 0 |
_aJohnson's Materials of construction, _crewritten and revised by M.O. Withey ... and James Aston ... |
| 250 | _a8th ed. | ||
| 260 |
_aNew York, _bJ. Wiley & sons, inc,; _aLondon, _bChapman & Hall, limited _c[1939] |
||
| 300 |
_axxii, 197, 197a-197d, 198-867 p. _bincl. front. (port.) illus., tables., diagrs. _c24 cm. |
||
| 526 |
_a0 _b0 _c0 _d691_000000000000000_WIT |
||
| 650 | 0 | _aBuilding materials. | |
| 650 | 0 |
_aMCE _9379 |
|
| 650 | 0 |
_aStrength of materials. _9563 |
|
| 700 | 1 |
_aAston, James, _945505 |
|
| 700 | 1 |
_aWithey, M. O. _945493 |
|
| 942 |
_2ddc _cBK |
||
| 999 |
_c549012 _d549012 |
||